Valentino ; and, Sagittarius : two novellas /

Bibliographic Details
Main Author: Ginzburg, Natalia
Format: Book
Language:English
Published: New York : Seaver Books/Henry Holt and Co., 1988
Edition:1st American ed.

MARC

Tag First Indicator Second Indicator Subfields
LEADER 00000cam a22000008a 4500
001 in00000020087
005 20151007053821.0
008 871127c19881987nyu 00011 eng
010 |a  87032349  
020 |a 0805006834 
035 |a (OCoLC)17225348 
035 |9 AAB2922AM 
040 |a DLC  |c DLC  |d OCL  |d TXA  |d UtOrBLW 
041 1 |a eng  |h fre 
049 |a TXAM  |c [A11107862] 
050 0 0 |a PQ4817.I5  |b V313 1988 
082 0 |a 853/.912  |2 19 
100 1 |a Ginzburg, Natalia. 
240 1 0 |a Valentino.  |l English 
245 1 0 |a Valentino ; and, Sagittarius :  |b two novellas /  |c Natalia Ginzburg ; translated from the Italian by Avril Bardoni. 
250 |a 1st American ed. 
263 |a 8804 
264 1 |a New York :  |b Seaver Books/Henry Holt and Co.,  |c 1988 
264 4 |c ©1987 
300 |a 134 pages 
336 |a text  |b txt  |2 rdacontent 
337 |a unmediated  |b n  |2 rdamedia 
338 |a volume  |b nc  |2 rdacarrier 
500 |a Translation of: Valentino and Sagittario. 
700 1 2 |a Ginzburg, Natalia.  |t Sagittario.  |l English.  |f 1988. 
740 0 |a Valentino. 
740 0 |a Sagittarius. 
999 |a MARS 
999 f f |s 48a406fc-19eb-3d8b-9dfa-33b500ad7a23  |i 733cbd23-bc97-3db9-883d-a7f35b23ffee  |t 0 
952 f f |p ric  |a Texas A&M University  |b Rellis Campus  |c Joint Library Facility  |d Remote Storage  |t 0  |e PQ4817.I5 V313 1988  |h Library of Congress classification  |i unmediated -- volume  |m A14811107862 
998 f f |a PQ4817.I5 V313 1988  |t 0  |l Remote Storage